Countries that consume the most pasta annually - Statistics

General Stats
  • This quiz has been taken 59 times
  • The average score is 2 of 5
Answer Stats
Hint Answer % Correct
1 Italy
100%
4 Greece
61%
5 Russia
50%
2 Tunisia
15%
3 Venezuela
11%
No matching quizzes found
Score Distribution
Percent of People with Each Score
Percentile by Number Answered
Your Score History
You have not taken this quiz